Doctor Who (2005-) - Statistics

General Stats
  • This quiz has been taken 1,710 times
  • The average score is 14 of 20
Answer Stats
Hint Answer % Correct
"Are you my...?" Mummy
97%
The newest companion (as of season 7) Clara Oswin Oswald
93%
How many times will he knock? Four
92%
The Doctor's Wife River Song/Melody Pond
90%
Companion stuck in an unreachable parallel universe Rose Tyler
89%
What is old, new, borrowed and blue? The TARDIS
89%
The Girl Who Waited and The Last Centurion Amy Pond and Rory Williams
85%
Just a temp from Chiswick Donna Noble
85%
River Song is never without her hallucinogenic what? lipstick
78%
What is the Doctor's favourite fruit? Banana
75%
They're big, green, ugly, and their farts (if you'll pardon the expression) smell of bad breath The Slitheen
70%
"Hello, I'm the Doctor, basically..."? Run!
68%
Also known as "Lonely Assassins" The Weeping Angels
66%
"It's more like a big ball of..."? Wibbly Wobbly Timey Wimey Stuff
64%
The true inspiration for Sonnet 18 Martha Jones
50%
Captain Jack Harkness comes from which century? 51st
47%
Using the quote, name the episode: "I don't want to go," The End of Time Part 2
39%
Rory's dad's name? Brian Williams
35%
Which planet is inhabited by dogs with no noses? Barcelona
34%
In the episodes 'Human Nature/Family of Blood', what did 'John Smith' name the diary in which he recorded all of his dreams as the Doctor? A Journal of Impossible Things
25%
No matching quizzes found
Score Distribution
Percent of People with Each Score
Percentile by Number Answered
Your Score History
You have not taken this quiz